000 00921nam a2200277Ia 4500
003 OSt
005 20220930090310.0
006 a|||||r|||| 00| 0
007 ta
008 220926b |||||||| |||| 00| 0 eng d
024 _a109193
037 _cTheses
040 _aCRL
_cCRL
_beng
041 _2eng
_aeng
100 _aKawatra Neha
_9542255
110 _aUniversity of Delhi. Faculty of Medical Sciences. Department of Pathology
245 0 _aStudy of serum cytokine profile in leprosy and its correlation with clinicohistopathological features
260 _c2008
300 _a93p.
_ap.
_ccm.
650 _aPATHOLOGY
_9174058
700 _a Dr. Kiran Agarwal Gu.
_9536821
700 _a Dr. Ram Chander Gu.
700 _aUniversity of Delhi. Faculty of Medical Sciences. Department of Pathology
942 _cDIS
_2CC
999 _c880353
_d880353